000 00333nam a22001217a 4500
999 _c13501
_d13501
082 _a891.49
_bح ا ل
100 _aالطاف حسین حالی
245 _aدیوان حالی
260 _aلاہور
_bخزینہ علم و ادب
_c٢٠٠١
300 _a٥٧٦
650 _aUrdu, Poetry, Altaf Hussain Hali
942 _cBK